Vista normal Vista MARC

Entrada Topical Term

Número de registros utilizados en: 1

001 - CONTROL NUMBER

  • control field: 8838

003 - CONTROL NUMBER IDENTIFIER

  • control field: OSt

005 - DATE AND TIME OF LATEST TRANSACTION

  • control field: 20200814234908.0

008 - FIXED-LENGTH DATA ELEMENTS

  • fixed length control field: 200814|| aca||aabn | a|a d

040 ## - CATALOGING SOURCE

  • Original cataloging agency: OSt
  • Transcribing agency: OSt

150 ## - HEADING--TOPICAL TERM

  • Topical term or geographic name entry element: Negligencia dolo

670 ## - SOURCE DATA FOUND

  • Source citation: Work cat.: (OSt)4693: Gómez Pavajeau, Carlos Arturo, autor 519, Estudios sobre omisión / , 2002